Southville International School and Colleges
Your cart is empty.
  • Cart
  • Lists
    Public lists Eva Luna New books Lux_list list_1
    Your lists Log in to create your own lists
  • Log in to your account
  • Your cookies
  • Search history
Southville International School and Colleges
  • Advanced search
  • Recent comments
  • Most popular
  • Libraries

Log in to your account

Log in with GOOGLE


If you do not have an external account, but do have a local account, you can still log in:

  1. Home
  2. MARC view: Fade to buzz :
Normal view MARC view ISBD view

Fade to buzz : (Record no. 339836)

[ view plain ]
MARC details
000 -LEADER
fixed length control field 00746nam a2200229Ia 4500
008 - FIXED-LENGTH DATA ELEMENTS--GENERAL INFORMATION
fixed length control field 170711s9999 xx 000 0 und d
050 ## - LIBRARY OF CONGRESS CALL NUMBER
Classification number 780
050 ## - LIBRARY OF CONGRESS CALL NUMBER
Item number P267 2007
100 ## - MAIN ENTRY--PERSONAL NAME
Personal name Parsons, John
245 ## - TITLE STATEMENT
Title Fade to buzz :
245 ## - TITLE STATEMENT
Remainder of title an album by rule of thumb /
245 ## - TITLE STATEMENT
Statement of responsibility, etc by John Parsons.
260 ## - PUBLICATION, DISTRIBUTION, ETC. (IMPRINT)
Place of publication, distribution, etc USA :
260 ## - PUBLICATION, DISTRIBUTION, ETC. (IMPRINT)
Name of publisher, distributor, etc Rule of thumb,
260 ## - PUBLICATION, DISTRIBUTION, ETC. (IMPRINT)
Date of publication, distribution, etc 2007
300 ## - PHYSICAL DESCRIPTION
Extent unpaged :
300 ## - PHYSICAL DESCRIPTION
Other physical details colored illustrations ;
300 ## - PHYSICAL DESCRIPTION
Dimensions 17cm.
500 ## - GENERAL NOTE
General note Contents : Sidereal day -- The 99 --Nom de plume -- Edgewise -- The rays -- Never saying anything -- Tornado man -- Hiss -- High horse -- Bus you ride -- Evergreen -- On a Saturday -- A list -- Watershed -- Goodbye blue Monday.
650 ## - SUBJECT ADDED ENTRY--TOPICAL TERM
Topical term or geographic name as entry element Music.
700 ## - ADDED ENTRY--PERSONAL NAME
Personal name Title.

No items available.

Fade to buzz :

APA

Parsons J., Title, .Fade to buzz. USA: .

Chicago

Parsons John, Title, .Fade to buzz. USA: .

Harvard

Parsons J., Title, .Fade to buzz. USA: .

MLA

Parsons John, Title, .USA: . .

  • Print
  • Cite
  • Add to your cart (remove)
  • Save record
    BIBTEX Dublin Core MARCXML MARC (non-Unicode/MARC-8) MARC (Unicode/UTF-8) MARC (Unicode/UTF-8, Standard) MODS (XML) RIS
  • More searches
    Search for this title in:
    Other Libraries (WorldCat) Other Databases (Google Scholar) Online Stores (Bookfinder.com) Open Library (openlibrary.org)

Exporting to Dublin Core...

SOUTHVILLE LIBRARY

Southville International School and Colleges Library

1281 Tropical Ave. Cor. Luxembourg St., BF Homes International, Las Pinas City

Tel. No. 8256374 / 252358 Loc. 117/146

Powered by Koha